The Delhi omnibus : (Record no. 129808)

MARC details
000 -LEADER
fixed length control field 00744nam a22002297a 4500
005 - DATE AND TIME OF LATEST TRANSACTION
control field 20170124110102.0
010 ## - LIBRARY OF CONGRESS CONTROL NUMBER
LC control number B-106928
020 ## - INTERNATIONAL STANDARD BOOK NUMBER
Terms of availability 00.00
International Standard Book Number 019565983
035 ## - SYSTEM CONTROL NUMBER
System control number B-106928
037 ## - SOURCE OF ACQUISITION
Source of stock number/acquisition Cen Lib/Ret
040 ## - CATALOGING SOURCE
Original cataloging agency DPL
Language of cataloging EN
082 ## - DEWEY DECIMAL CLASSIFICATION NUMBER
Classification number 954.16
Item number SPE
100 ## - MAIN ENTRY--PERSONAL NAME
Personal name Spear, Percival
9 (RLIN) 27458
245 ## - TITLE STATEMENT
Title The Delhi omnibus :
Statement of responsibility, etc by Percival Spear
Remainder of title a historical sketch /
260 ## - PUBLICATION, DISTRIBUTION, ETC. (IMPRINT)
Name of publisher, distributor, etc Oxford University Press
Date of publication, distribution, etc 2002
Place of publication, distribution, etc New Delhi
270 ## - ADDRESS
City New Delhi
Address YMCA building , Jai Singh Road
Postal code 110001
300 ## - PHYSICAL DESCRIPTION
Extent xvi, 341p.
Dimensions 21cm(Hb)
500 ## - GENERAL NOTE
General note Includes glossary, bibliographical references and index
650 ## - SUBJECT ADDED ENTRY--TOPICAL TERM
Topical term or geographic name as entry element History
Geographic subdivision Delhi
9 (RLIN) 418
650 ## - SUBJECT ADDED ENTRY--TOPICAL TERM
Topical term or geographic name as entry element Culture and society
9 (RLIN) 27459
942 ## - ADDED ENTRY ELEMENTS (KOHA)
Source of classification or shelving scheme Dewey Decimal Classification
Koha item type English Books
Classification part 954.16
Call number suffix SPE
Holdings
Withdrawn status Lost status Damaged status Not for loan Home library Current library Date acquired Source of acquisition Cost, normal purchase price Total Checkouts Full call number Barcode Date last seen Date checked out Copy number Cost, replacement price Price effective from Koha item type
        Central Library Central Library 07/07/2015 Cen Lib/Ret 0.00 1 954.16 SPE B-106928 11/12/2017 27/11/2017 1 0.00 07/07/2015 English Books

© Delhi Public Library
Hit Counter
free hit counter